000
00245nam a2200097Ia 4500
001
683090
005
20250826161431.0
008
250824s9999 xx 000 0 und d
245
0
_a
SAFİYE HÜSEYİN
_c
İSMAİL BİLGİN
260
_b
TİMAŞ YAYINLARI
999
_c
683090
_d
683090